Presidents of Senegal by Picture - Statistics

General Stats
  • This quiz has been taken 19 times
    6 since last reset
  • The average score is 4 of 5
Answer Stats
Picture Hint Answer % Correct
1960-1980 Léopold Sédar Senghor
100%
2024-Present Bassirou Diomaye Faye
83%
2012-2024 Macky Sall
83%
2000-2012 Abdoulaye Wade
67%
1981-2000 Abdou Diouf
50%
No matching quizzes found
Score Distribution
Percent of People with Each Score
Percentile by Number Answered
Your Score History
You have not taken this quiz since the last reset